[Event "Heinola 100 ottelu Vierumaki"]
[Site "Heinola"]
[Date "2017.11.17"]
[Round "1"]
[White "Andronov, Mikhail G"]
[Black "Staub, Madis"]
[Result "1-0"]
[WhiteElo "2144"]
[BlackElo "1762"]
[PlyCount "59"]
[EventDate "2017.11.17"]
[EventType "swiss"]
[EventRounds "3"]
[EventCountry "FIN"]
[SourceTitle "EXT 2022"]
[Source "ChessBase"]
[SourceDate "2021.10.06"]
[SourceVersion "1"]
[SourceVersionDate "2021.10.06"]
[SourceQuality "1"]

1. e4 Nc6 2. d4 d5 3. Nc3 e5 4. dxe5 d4 5. Nd5 Be6 6. c4 dxc3 7. bxc3 Bxd5 8. exd5 Nxe5 9. Nf3 Qe7 10. Be3 Nf6 11. Be2 0-0-0 12. Qa4 Nxf3+ 13. Bxf3 a6 14. 0-0 Nxd5 15. Qb3 c6 16. Bd4 Qa3 17. Qc4 Qd6 18. Rab1 b5 19. Qe2 f6 20. a4 h5 21. axb5 cxb5 22. c4 Ne7 23. cxb5 a5 24. b6 Nd5 25. Qa6+ Kd7 26. Rfe1 Be7 27. Qb7+ Ke8 28. Bxd5 Kf8 29. Rxe7 Qxe7 30. Bc5 1-0

[Event "Karelia-ch"]
[Site "Petrozavodsk"]
[Date "2014.02.23"]
[Round "9"]
[White "Andronov, Mikhail G"]
[Black "Kolegov, Andrey"]
[Result "1-0"]
[WhiteElo "2148"]
[BlackElo "2010"]
[PlyCount "85"]
[EventDate "2014.02.18"]
[EventType "swiss"]
[EventRounds "9"]
[EventCountry "RUS"]
[SourceTitle "EXT 2016"]
[Source "ChessBase"]
[SourceDate "2015.10.08"]
[SourceVersion "1"]
[SourceVersionDate "2015.10.08"]
[SourceQuality "1"]

1. e4 e5 2. d4 exd4 3. Bc4 Nf6 4. Nf3 Nc6 5. e5 Ng4 6. 0-0 d6 7. exd6 Qxd6 8. Re1+ Be7 9. h3 Nf6 10. b3 Be6 11. Ba3 Qd7 12. Bxe7 Kxe7 13. Ng5 Nd8 14. Nd2 h6 15. Nxe6 Nxe6 16. Nf3 Rhe8 17. Nxd4 Rad8 18. Nxe6 Qxd1 19. Nxc7+ Qxe1+ 20. Rxe1+ Kf8 21. Nxe8 Nxe8 22. f4 Rd4 23. g3 Nc7 24. Kf2 Nd5 25. Bxd5 Rxd5 26. Re2 b5 27. a3 a6 28. Ke3 Ke7 29. Rd2 Rh5 30. h4 Rc5 31. Kd4 Rc6 32. c4 bxc4 33. bxc4 h5 34. c5 Rg6 35. Rd3 Kd7 36. Kd5 Kc7 37. Re3 Kc8 38. a4 Kd7 39. a5 Rg4 40. c6+ Kd8 41. Kc5 Rg6 42. Kb6 Rd6 43. Kb7 1-0

[Event "Karelia-ch"]
[Site "Petrozavodsk"]
[Date "2014.02.22"]
[Round "7"]
[White "Andronov, Mikhail G"]
[Black "Kamalov, Sharip"]
[Result "1-0"]
[WhiteElo "2148"]
[BlackElo "2124"]
[PlyCount "47"]
[EventDate "2014.02.18"]
[EventType "swiss"]
[EventRounds "9"]
[EventCountry "RUS"]
[SourceTitle "EXT 2016"]
[Source "ChessBase"]
[SourceDate "2015.10.08"]
[SourceVersion "1"]
[SourceVersionDate "2015.10.08"]
[SourceQuality "1"]

1. e4 c6 2. d4 d5 3. Nc3 e6 4. Nf3 Nd7 5. Bd3 Ne7 6. 0-0 a6 7. Re1 g6 8. Bg5 f6 9. exd5 cxd5 10. Bh4 Qb6 11. Ne2 Bg7 12. Nf4 Nf8 13. c4 g5 14. Nxg5 fxg5 15. Qh5+ Nfg6 16. Nxg6 hxg6 17. Qxg5 Qd6 18. cxd5 b5 19. Bxg6+ Nxg6 20. Qxg6+ Kf8 21. dxe6 Bxe6 22. Rxe6 Qd7 23. Re7 Qxd4 24. Qf7# 1-0

[Event "Karelia-ch"]
[Site "Petrozavodsk"]
[Date "2014.02.20"]
[Round "4"]
[White "Vikulov, Alexander Sergeevic"]
[Black "Andronov, Mikhail G"]
[Result "0-1"]
[WhiteElo "2275"]
[BlackElo "2148"]
[PlyCount "62"]
[EventDate "2014.02.18"]
[EventType "swiss"]
[EventRounds "9"]
[EventCountry "RUS"]
[SourceTitle "EXT 2016"]
[Source "ChessBase"]
[SourceDate "2015.10.08"]
[SourceVersion "1"]
[SourceVersionDate "2015.10.08"]
[SourceQuality "1"]

1. e4 c5 2. Nc3 Nc6 3. f4 g6 4. Nf3 Bg7 5. Bc4 e6 6. d3 Nge7 7. 0-0 0-0 8. Qe1 d5 9. Bb3 Nd4 10. Nxd4 cxd4 11. Ne2 dxe4 12. dxe4 Nc6 13. Bc4 Qb6 14. Kh1 Nb4 15. Qd1 Qc5 16. Bd3 Bd7 17. a3 Nxd3 18. b4 Nxb4 19. axb4 Qc4 20. Bb2 Bb5 21. Re1 Rfd8 22. e5 d3 23. cxd3 Rxd3 24. Qc1 Qxb4 25. Ba3 Qc4 26. Qxc4 Bxc4 27. Bb4 Bf8 28. Ba5 b5 29. Bb6 Ra3 30. Bd4 Rxa1 31. Bxa1 a5 0-1

[Event "Karelia-ch"]
[Site "Petrozavodsk"]
[Date "2014.02.18"]
[Round "1"]
[White "Andronov, Mikhail G"]
[Black "Gudkov, Grigory O"]
[Result "1/2-1/2"]
[WhiteElo "2148"]
[BlackElo "1940"]
[PlyCount "116"]
[EventDate "2014.02.18"]
[EventType "swiss"]
[EventRounds "9"]
[EventCountry "RUS"]
[SourceTitle "EXT 2016"]
[Source "ChessBase"]
[SourceDate "2015.10.08"]
[SourceVersion "1"]
[SourceVersionDate "2015.10.08"]
[SourceQuality "1"]

1. e4 c5 2. c3 Nf6 3. e5 Nd5 4. Bc4 e6 5. Nf3 Nc6 6. 0-0 Be7 7. d4 cxd4 8. cxd4 0-0 9. Qe2 d6 10. Qe4 Nb6 11. Bd3 g6 12. Bh6 Re8 13. a3 dxe5 14. dxe5 Qd5 15. Qe2 Nd4 16. Nxd4 Qxd4 17. Nc3 Bd7 18. Rfd1 Qh4 19. Be3 Bc6 20. Bb5 Rac8 21. Rd4 Qh5 22. Qxh5 gxh5 23. Be2 Nd7 24. f4 h4 25. b4 Nf8 26. Nb5 Bd5 27. Nxa7 Rc3 28. Rd3 Rc2 29. Rd2 Rxd2 30. Bxd2 Rd8 31. Be3 f6 32. Bb6 Ra8 33. Nb5 Bxb4 34. exf6 Nd7 35. Bd4 Bc5 36. Bg4 Bxd4+ 37. Nxd4 Kf7 38. Bf3 Nxf6 39. Bxd5 Nxd5 40. Rb1 b6 41. Nb5 Ke7 42. g3 hxg3 43. hxg3 h5 44. Re1 Kf7 45. Re4 Ra5 46. a4 Kf6 47. Kg2 Ne7 48. Kf3 Nc6 49. Rc4 Ne7 50. Ke4 Nf5 51. Kf3 Ne7 52. Nc3 Nd5 53. Ne4+ Kf5 54. Nd6+ Kf6 55. Rd4 Nc3 56. Ne4+ Nxe4 57. Kxe4 b5 58. axb5 Rxb5 1/2-1/2

[Event "Karelian Autumn"]
[Site "Petrozavodsk"]
[Date "2012.10.18"]
[Round "7"]
[White "Andronov, Mikhail G"]
[Black "Toivonen, Alexander"]
[Result "0-1"]
[WhiteElo "2120"]
[BlackElo "2250"]
[PlyCount "80"]
[EventDate "2012.10.14"]
[EventType "swiss"]
[EventRounds "9"]
[EventCountry "RUS"]
[SourceTitle "EXT 2013"]
[Source "ChessBase"]
[SourceDate "2012.11.22"]
[SourceVersion "1"]
[SourceVersionDate "2012.11.22"]
[SourceQuality "1"]

1. e4 e5 2. d4 exd4 3. Bc4 Nc6 4. Nf3 Nf6 5. e5 d5 6. Bb5 Ne4 7. Nxd4 Bd7 8. Bxc6 bxc6 9. 0-0 Bc5 10. f3 Ng5 11. f4 Ne4 12. Be3 Qb8 13. Qc1 Bxd4 14. Bxd4 c5 15. Bf2 Bb5 16. Re1 Nxf2 17. Kxf2 Qb6 18. c3 0-0 19. Na3 Ba6 20. Qd2 Bb7 21. Nc2 d4 22. Kg1 Qg6 23. cxd4 cxd4 24. Qf2 c5 25. f5 Qg5 26. Rad1 Rad8 27. Rd3 Bc8 28. Rf3 g6 29. b4 Bxf5 30. bxc5 d3 31. Rg3 Qxg3 32. hxg3 dxc2 33. Qf3 Rb8 34. Kh2 Rb1 35. Qe3 Rxe1 36. Qxe1 Rd8 37. e6 fxe6 38. c6 Rd1 39. c7 c1Q 40. Qxd1 Qxc7 0-1

[Event "Karelian Autumn"]
[Site "Petrozavodsk"]
[Date "2012.10.16"]
[Round "5"]
[White "Andronov, Mikhail G"]
[Black "Osmolny, Vladimir I"]
[Result "0-1"]
[WhiteElo "2120"]
[BlackElo "2197"]
[PlyCount "84"]
[EventDate "2012.10.14"]
[EventType "swiss"]
[EventRounds "9"]
[EventCountry "RUS"]
[SourceTitle "EXT 2013"]
[Source "ChessBase"]
[SourceDate "2012.11.22"]
[SourceVersion "1"]
[SourceVersionDate "2012.11.22"]
[SourceQuality "1"]

1. e4 c5 2. c3 Nf6 3. e5 Nd5 4. d4 d6 5. dxc5 dxe5 6. Nf3 f6 7. Bb5+ Bd7 8. Qxd5 Bxb5 9. Qxd8+ Kxd8 10. a4 Bd3 11. Be3 e6 12. Na3 Nd7 13. 0-0-0 e4 14. Ne1 Nxc5 15. Bxc5 Bxc5 16. Nxd3 exd3 17. Rxd3+ Ke7 18. f3 Bxa3 19. bxa3 Rhd8 20. Re3 Rac8 21. Kc2 Rd6 22. Rb1 Rc7 23. Rb4 h6 24. h4 g5 25. hxg5 hxg5 26. g3 Rd5 27. f4 b6 28. Rbe4 Rc6 29. Kb3 Kf7 30. Kc2 gxf4 31. gxf4 Rdc5 32. Kb3 Kg6 33. Rxe6 Rxc3+ 34. Rxc3 Rxe6 35. Rc7 a6 36. Ra7 Re3+ 37. Kb2 a5 38. Rb7 Re6 39. Rd7 Kf5 40. Rd4 Rc6 41. Kb3 Kg4 42. Kb2 f5 0-1

[Event "Karelian Autumn"]
[Site "Petrozavodsk"]
[Date "2012.10.15"]
[Round "4"]
[White "Suleymanyants, Odisey"]
[Black "Andronov, Mikhail G"]
[Result "0-1"]
[WhiteElo "2227"]
[BlackElo "2120"]
[PlyCount "80"]
[EventDate "2012.10.14"]
[EventType "swiss"]
[EventRounds "9"]
[EventCountry "RUS"]
[SourceTitle "EXT 2013"]
[Source "ChessBase"]
[SourceDate "2012.11.22"]
[SourceVersion "1"]
[SourceVersionDate "2012.11.22"]
[SourceQuality "1"]

1. e4 c5 2. Nf3 Nc6 3. c3 Nf6 4. d3 d6 5. Be2 g6 6. Nbd2 Bg7 7. 0-0 0-0 8. a4 e5 9. Nc4 d5 10. exd5 Nxd5 11. Re1 h6 12. Qc2 Re8 13. Bf1 Bf5 14. Nfd2 Nb6 15. Ne3 Be6 16. Ne4 Qe7 17. a5 Nd5 18. Nc4 Rad8 19. Qa4 f5 20. Ned2 Nf4 21. a6 Bf7 22. Qb5 bxa6 23. Rxa6 Nb8 24. Ra5 Nxd3 25. Bxd3 Rxd3 26. Qxc5 Qxc5 27. Rxc5 Red8 28. Rc7 a6 29. Nf3 Bxc4 30. Rxc4 e4 31. Nd2 Nd7 32. Nb3 Ne5 33. Rc7 Rd1 34. Kf1 Rxe1+ 35. Kxe1 Nd3+ 36. Ke2 Rb8 37. Nc5 Nxc1+ 38. Ke3 Rxb2 39. Rc8+ Kh7 40. Rc7 g5 0-1

[Event "Karelian Autumn"]
[Site "Petrozavodsk"]
[Date "2012.10.14"]
[Round "3"]
[White "Andronov, Mikhail G"]
[Black "Savolainen, Lev P"]
[Result "1/2-1/2"]
[WhiteElo "2120"]
[BlackElo "2127"]
[PlyCount "48"]
[EventDate "2012.10.14"]
[EventType "swiss"]
[EventRounds "9"]
[EventCountry "RUS"]
[SourceTitle "EXT 2013"]
[Source "ChessBase"]
[SourceDate "2012.11.22"]
[SourceVersion "1"]
[SourceVersionDate "2012.11.22"]
[SourceQuality "1"]

1. e4 e6 2. d4 d5 3. Nc3 Bb4 4. Nge2 dxe4 5. a3 Bxc3+ 6. Nxc3 Ne7 7. Nxe4 0-0 8. Bd3 f5 9. Ng5 Qxd4 10. Qh5 h6 11. Nf3 Qf6 12. Bf4 Nbc6 13. 0-0-0 e5 14. Bg5 Qf7 15. Qxf7+ Kxf7 16. Bxe7 Kxe7 17. Bb5 Kf6 18. Rhe1 e4 19. Bxc6 bxc6 20. Nd4 Bb7 21. Nb3 Rad8 22. Na5 Ba8 23. Nb3 Bb7 24. Na5 Ba8 1/2-1/2

[Event "St Petersburg Botvinnik Memorial op"]
[Site "St Petersburg"]
[Date "2012.09.02"]
[Round "9"]
[White "Chetverik, Maxim"]
[Black "Andronov, Mikhail G"]
[Result "0-1"]
[WhiteElo "2272"]
[BlackElo "2139"]
[PlyCount "136"]
[EventDate "2012.08.25"]
[EventType "swiss"]
[EventRounds "9"]
[EventCountry "RUS"]
[SourceTitle "CBM 150 Extra"]
[Source "ChessBase"]
[SourceDate "2012.10.19"]
[SourceVersion "1"]
[SourceVersionDate "2012.10.19"]
[SourceQuality "1"]

1. d4 Nf6 2. c4 c5 3. d5 b5 4. cxb5 a6 5. b6 Qxb6 6. Nc3 d6 7. e4 g6 8. Nf3 Bg4 9. Qa4+ Bd7 10. Qb3 Qxb3 11. axb3 Bg7 12. h3 0-0 13. Be3 Bc8 14. Ra5 Nbd7 15. Nd2 Ne8 16. g4 Nc7 17. Be2 Nb6 18. f3 Bd7 19. Kf2 Bb5 20. Rha1 Bxe2 21. Kxe2 Rab8 22. Kd3 Rfe8 23. Kc2 Nd7 24. Bf4 Rb7 25. R5a3 Reb8 26. Nc4 Nb5 27. Nxb5 Rxb5 28. Nd2 Ne5 29. Bxe5 Bxe5 30. R1a2 Kg7 31. Rxa6 Bf4 32. Nc4 Rxb3 33. R2a3 R3b4 34. b3 Kf6 35. Ra7 R8b7 36. Rxb7 Rxb7 37. Na5 Ra7 38. Ra4 Kg5 39. Nc6 Rc7 40. Ra8 e6 41. dxe6 fxe6 42. Nd8 Kf6 43. Kd3 Bg5 44. Rb8 Ke5 45. Nb7 d5 46. exd5 exd5 47. Re8+ Kf4 48. Nd8 c4+ 49. bxc4 dxc4+ 50. Kc2 Bxd8 51. Rxd8 Kxf3 52. Re8 Rf7 53. Rc8 Kg3 54. Rxc4 Kxh3 55. Kd2 Re7 56. g5 Kg3 57. Rd4 Re5 58. Rd7 Rxg5 59. Rxh7 Re5 60. Rh1 g5 61. Rh8 g4 62. Rf8 Kg2 63. Rf7 g3 64. Rg7 Kf2 65. Rf7+ Kg1 66. Rg7 g2 67. Rf7 Rh5 68. Ke2 Kh1 0-1

[Event "St Petersburg Botvinnik Memorial op"]
[Site "St Petersburg"]
[Date "2012.09.01"]
[Round "8"]
[White "Andronov, Mikhail G"]
[Black "Kharchenko, Daniil"]
[Result "1/2-1/2"]
[WhiteElo "2139"]
[BlackElo "2006"]
[PlyCount "102"]
[EventDate "2012.08.25"]
[EventType "swiss"]
[EventRounds "9"]
[EventCountry "RUS"]
[SourceTitle "CBM 150 Extra"]
[Source "ChessBase"]
[SourceDate "2012.10.19"]
[SourceVersion "1"]
[SourceVersionDate "2012.10.19"]
[SourceQuality "1"]

1. e4 d5 2. exd5 Qxd5 3. Nc3 Qd6 4. d4 Nf6 5. Nf3 a6 6. Bd3 Nc6 7. 0-0 Bg4 8. Ne4 Nxe4 9. Bxe4 0-0-0 10. c3 g6 11. Qb3 Be6 12. c4 Bf5 13. c5 Qe6 14. Bxc6 Qxb3 15. axb3 bxc6 16. Rxa6 Kb7 17. Ra3 Bg7 18. Be3 h6 19. Rfa1 Ra8 20. Nd2 Be6 21. Nc4 Bd5 22. Ra4 Rxa4 23. Rxa4 Ra8 24. Rxa8 Kxa8 25. f3 Kb7 26. Kf2 Ka6 27. Ke2 Kb5 28. Kd3 Kb4 29. Bf4 Kxb3 30. Ne3 e6 31. Be5 Bf8 32. Bxc7 Kxb2 33. Ng4 f5 34. Ne5 g5 35. Ng6 Bg7 36. Be5 Bxe5 37. Nxe5 h5 38. g3 Kb3 39. Ke3 Kc3 40. Ng6 Bb3 41. f4 g4 42. Ne5 Bd5 43. Nd7 Kc2 44. Nf6 Kd1 45. Nxh5 Ke1 46. Kd3 Kf2 47. Kd2 Kf3 48. Kd3 Be4+ 49. Kd2 Bb1 50. Nf6 Ba2 51. Nh5 Bd5 1/2-1/2

[Event "St Petersburg Botvinnik Memorial op"]
[Site "St Petersburg"]
[Date "2012.08.30"]
[Round "6"]
[White "Andronov, Mikhail G"]
[Black "Chuprova, Irina"]
[Result "1-0"]
[WhiteElo "2139"]
[BlackElo "1972"]
[PlyCount "45"]
[EventDate "2012.08.25"]
[EventType "swiss"]
[EventRounds "9"]
[EventCountry "RUS"]
[SourceTitle "CBM 150 Extra"]
[Source "ChessBase"]
[SourceDate "2012.10.19"]
[SourceVersion "1"]
[SourceVersionDate "2012.10.19"]
[SourceQuality "1"]

1. e4 d6 2. d4 g6 3. Nc3 Nf6 4. Bg5 Nbd7 5. f4 Bg7 6. e5 Ng8 7. Nf3 Nb6 8. Bd3 Bg4 9. h3 Bxf3 10. Qxf3 c6 11. 0-0 f5 12. d5 dxe5 13. fxe5 Nxd5 14. Bxf5 Qb6+ 15. Kh1 gxf5 16. Qxf5 Bf6 17. Nxd5 cxd5 18. exf6 Nxf6 19. Bxf6 Qxf6 20. Qxd5 Qc6 21. Qf7+ Kd8 22. Rad1+ Kc8 23. Qxe7 1-0

[Event "St Petersburg Botvinnik Memorial op"]
[Site "St Petersburg"]
[Date "2012.08.27"]
[Round "3"]
[White "Krivenko, Sergey"]
[Black "Andronov, Mikhail G"]
[Result "1-0"]
[WhiteElo "2347"]
[BlackElo "2139"]
[PlyCount "93"]
[EventDate "2012.08.25"]
[EventType "swiss"]
[EventRounds "9"]
[EventCountry "RUS"]
[SourceTitle "CBM 150 Extra"]
[Source "ChessBase"]
[SourceDate "2012.10.19"]
[SourceVersion "1"]
[SourceVersionDate "2012.10.19"]
[SourceQuality "1"]

1. Nf3 c5 2. c4 Nf6 3. g3 b6 4. Bg2 Bb7 5. Nc3 e6 6. 0-0 Be7 7. Re1 d6 8. e4 Nbd7 9. d4 cxd4 10. Nxd4 Qc8 11. Be3 a6 12. Rc1 0-0 13. h3 Re8 14. f4 Bf8 15. Bf2 Qc7 16. g4 h6 17. Nd5 Qd8 18. Nxf6+ Qxf6 19. e5 dxe5 20. fxe5 Nxe5 21. Bxb7 Rad8 22. Qe2 Ng6 23. Bc6 Re7 24. Qf3 Nf4 25. Ne2 Nd3 26. Qxf6 gxf6 27. Rcd1 Rd6 28. Be4 Nxf2 29. Kxf2 Rc7 30. Rxd6 Bxd6 31. Rd1 Be5 32. b3 b5 33. Rd8+ Kg7 34. Bd3 bxc4 35. Bxc4 a5 36. Ra8 Rc5 37. Ng3 f5 38. gxf5 exf5 39. Nxf5+ Kg6 40. Ne7+ Kg5 41. Rg8+ Kf6 42. Nd5+ Kf5 43. Kf3 Bb2 44. a4 h5 45. h4 f6 46. Rh8 Kg6 47. Nf4+ 1-0

[Event "Karelia-ch 65th"]
[Site "Kondopoga"]
[Date "2012.02.25"]
[Round "8"]
[White "Phil, Ilya N"]
[Black "Andronov, Mikhail G"]
[Result "1/2-1/2"]
[WhiteElo "2083"]
[BlackElo "2180"]
[PlyCount "63"]
[EventDate "2012.02.21"]
[EventType "swiss"]
[EventRounds "9"]
[EventCountry "RUS"]
[SourceTitle "EXT 2013"]
[Source "ChessBase"]
[SourceDate "2012.11.22"]
[SourceVersion "1"]
[SourceVersionDate "2012.11.22"]
[SourceQuality "1"]

1. d4 Nf6 2. Nf3 c5 3. c3 e6 4. Bg5 Nc6 5. e3 cxd4 6. exd4 d5 7. Bd3 Be7 8. Nbd2 0-0 9. 0-0 h6 10. Bh4 a6 11. a4 Qc7 12. Re1 Nd7 13. Bxe7 Nxe7 14. Ne5 Nxe5 15. dxe5 Bd7 16. Nf3 b5 17. axb5 axb5 18. Qd2 Rfb8 19. Rxa8 Rxa8 20. Nd4 Qb6 21. b4 Nc6 22. h3 Kf8 23. Bf1 Nxd4 24. cxd4 Rc8 25. Rc1 Rxc1 26. Qxc1 Qxd4 27. Qc7 Ke8 28. Qb8+ Ke7 29. Qd6+ Ke8 30. Qb8+ Ke7 31. Qd6+ Ke8 32. Qb8+ 1/2-1/2

[Event "Moscow Region Spring-B"]
[Site "Serpukhov"]
[Date "2011.05.04"]
[Round "7"]
[White "Dzhaumutbaev, Erzhan"]
[Black "Andronov, Mikhail G"]
[Result "1/2-1/2"]
[WhiteElo "2118"]
[BlackElo "2186"]
[PlyCount "20"]
[EventDate "2011.04.30"]
[EventType "tourn"]
[EventRounds "9"]
[EventCountry "RUS"]
[SourceTitle "EXT 2022"]
[Source "ChessBase"]
[SourceDate "2021.10.06"]
[SourceVersion "1"]
[SourceVersionDate "2021.10.06"]
[SourceQuality "1"]

1. e4 c5 2. Nf3 Nc6 3. Bb5 g6 4. 0-0 Bg7 5. c3 Nf6 6. e5 Nd5 7. d4 cxd4 8. cxd4 0-0 9. Nc3 Nxc3 10. bxc3 d5 1/2-1/2

[Event "Karelia-ch"]
[Site "Petrozavodsk"]
[Date "2011.02.26"]
[Round "8"]
[White "Andronov, Mikhail G"]
[Black "Sklyarov, Dmitry V"]
[Result "1/2-1/2"]
[WhiteElo "2186"]
[BlackElo "2408"]
[PlyCount "102"]
[EventDate "2011.02.22"]
[EventType "swiss"]
[EventRounds "9"]
[EventCountry "RUS"]
[SourceTitle "CBM 141 Extra"]
[Source "ChessBase"]
[SourceDate "2011.05.03"]
[SourceVersion "1"]
[SourceVersionDate "2011.05.03"]
[SourceQuality "1"]

1. e4 d6 2. d4 Nf6 3. Nc3 e5 4. Nf3 Nbd7 5. Bc4 Be7 6. 0-0 0-0 7. Re1 c6 8. a4 a5 9. h3 Nb6 10. Bb3 Nfd7 11. Be3 exd4 12. Nxd4 Nc5 13. Qe2 Nxb3 14. Nxb3 Re8 15. Rad1 Bf8 16. Nd4 Nd7 17. Qf3 Ne5 18. Qg3 Qf6 19. f4 Nc4 20. Bc1 d5 21. e5 Qg6 22. Qxg6 hxg6 23. b3 Nb6 24. Nce2 g5 25. Kh2 gxf4 26. Nxf4 Nd7 27. e6 Nf6 28. exf7+ Kxf7 29. Rxe8 Nxe8 30. Rf1 Bd6 31. g3 Nf6 32. Nh5 Bd7 33. Nf5 Bxf5 34. Rxf5 Re8 35. Rf2 Bc5 36. Nxf6 gxf6 37. Rg2 b5 38. axb5 cxb5 39. c3 a4 40. bxa4 bxa4 41. Ra2 a3 42. Kg2 Rb8 43. Bxa3 Ra8 44. Bxc5 Rxa2+ 45. Kf3 Rh2 46. h4 Kg6 47. Bd4 f5 48. Kf4 Rg2 49. h5+ Kxh5 50. Kxf5 Rxg3 51. Ke6 Rxc3 1/2-1/2

[Event "Karelia-ch"]
[Site "Petrozavodsk"]
[Date "2011.02.23"]
[Round "3"]
[White "Nasonov, Vadim"]
[Black "Andronov, Mikhail G"]
[Result "1/2-1/2"]
[WhiteElo "2147"]
[BlackElo "2186"]
[PlyCount "23"]
[EventDate "2011.02.22"]
[EventType "swiss"]
[EventRounds "9"]
[EventCountry "RUS"]
[SourceTitle "CBM 141 Extra"]
[Source "ChessBase"]
[SourceDate "2011.05.03"]
[SourceVersion "1"]
[SourceVersionDate "2011.05.03"]
[SourceQuality "1"]

1. d4 Nf6 2. g3 g6 3. Bg2 Bg7 4. e4 d6 5. Ne2 0-0 6. 0-0 Nbd7 7. c4 e5 8. h3 c6 9. Nbc3 Re8 10. Be3 Qe7 11. Rc1 Nf8 12. b4 1/2-1/2

[Event "Karelia-ch"]
[Site "Petrozavodsk"]
[Date "2011.02.22"]
[Round "1"]
[White "Shanchuk, Ivan A"]
[Black "Andronov, Mikhail G"]
[Result "1/2-1/2"]
[WhiteElo "1872"]
[BlackElo "2186"]
[PlyCount "77"]
[EventDate "2011.02.22"]
[EventType "swiss"]
[EventRounds "9"]
[EventCountry "RUS"]
[SourceTitle "CBM 141 Extra"]
[Source "ChessBase"]
[SourceDate "2011.05.03"]
[SourceVersion "1"]
[SourceVersionDate "2011.05.03"]
[SourceQuality "1"]

1. e4 c5 2. Nc3 Nc6 3. Bc4 d6 4. Nge2 a6 5. a4 g6 6. d3 Bg7 7. 0-0 e6 8. f4 Nge7 9. Ng3 Nd4 10. Be3 0-0 11. Rb1 Bd7 12. Nce2 Bxa4 13. Bxd4 cxd4 14. f5 d5 15. Ba2 Nc6 16. fxe6 fxe6 17. Nf4 Nb4 18. Nxe6 Rxf1+ 19. Qxf1 Qf6 20. Qxf6 Bxf6 21. Bxd5 Nxd5 22. exd5 Bxc2 23. Rc1 Bxd3 24. d6 Bb5 25. Ne4 Kf7 26. Nc7 Rc8 27. Nxf6 Kxf6 28. Nd5+ Ke6 29. Rxc8 Kxd5 30. Kf2 Kxd6 31. Ke1 Bc6 32. g3 h5 33. Kd2 Be4 34. Re8 Bf5 35. b3 Kc5 36. Rb8 b5 37. Ra8 Kb4 38. Rxa6 Kxb3 39. h3 1/2-1/2

[Event "Petrozavodsk"]
[Site "Petrozavodsk"]
[Date "2010.10.16"]
[Round "9"]
[White "Nasonov, Vadim"]
[Black "Andronov, Mikhail G"]
[Result "0-1"]
[WhiteElo "2158"]
[BlackElo "2150"]
[PlyCount "106"]
[EventDate "2010.10.09"]
[EventType "tourn"]
[EventRounds "9"]
[EventCountry "RUS"]
[EventCategory "1"]
[SourceTitle "EXT 2011"]
[Source "ChessBase"]
[SourceDate "2010.11.26"]
[SourceVersion "1"]
[SourceVersionDate "2010.11.26"]
[SourceQuality "1"]

1. d4 Nf6 2. g3 g6 3. Bg2 Bg7 4. e4 d6 5. Ne2 0-0 6. 0-0 Nbd7 7. h3 e5 8. d5 Qe7 9. c4 Ne8 10. Nbc3 f5 11. Be3 Ndf6 12. Kh2 fxe4 13. Nxe4 Nxe4 14. Bxe4 Bf5 15. Bg2 Nf6 16. Rc1 b6 17. b4 a5 18. a3 axb4 19. axb4 Ra3 20. Ra1 Rfa8 21. Rxa3 Rxa3 22. Qc1 Ra2 23. Nc3 Rc2 24. Qa1 Bd3 25. Rc1 Rxc1 26. Qxc1 Bxc4 27. Ne4 Bd3 28. Nd2 e4 29. Qc6 h6 30. Nb3 Qf7 31. Nc1 Bb1 32. Bf1 Kh7 33. Bc4 Qd7 34. Qa8 Bc2 35. Ne2 Bd3 36. Qa6 Bxe2 37. Bxe2 Nxd5 38. Qc4 Nxe3 39. fxe3 d5 40. Qc2 Qd6 41. Qd2 Be5 42. Qe1 c5 43. bxc5 bxc5 44. Kg2 d4 45. exd4 cxd4 46. Bc4 Qc6 47. Qb4 e3+ 48. Kh2 Qc7 49. Qb5 Bxg3+ 50. Kh1 h5 51. Qd5 Qe5 52. Qg8+ Kh6 53. Bd3 Qf6 0-1

[Event "Petrozavodsk"]
[Site "Petrozavodsk"]
[Date "2010.10.14"]
[Round "7"]
[White "Toivonen, Alexander"]
[Black "Andronov, Mikhail G"]
[Result "1/2-1/2"]
[WhiteElo "2304"]
[BlackElo "2150"]
[PlyCount "54"]
[EventDate "2010.10.09"]
[EventType "tourn"]
[EventRounds "9"]
[EventCountry "RUS"]
[EventCategory "1"]
[SourceTitle "EXT 2011"]
[Source "ChessBase"]
[SourceDate "2010.11.26"]
[SourceVersion "1"]
[SourceVersionDate "2010.11.26"]
[SourceQuality "1"]

1. d4 Nf6 2. c4 c5 3. d5 b5 4. Nf3 g6 5. d6 Bb7 6. cxb5 a6 7. Nc3 axb5 8. Bg5 Ne4 9. Nxe4 Bxe4 10. Qc1 f6 11. Qe3 fxg5 12. Qxe4 Ra6 13. Qe5 Qa5+ 14. Nd2 Rxd6 15. Rd1 Rg8 16. Qxc5 Bg7 17. e3 Bxb2 18. Qxb5 Qxb5 19. Bxb5 Bc3 20. Ke2 Bxd2 21. Rxd2 Rxd2+ 22. Kxd2 Rf8 23. Ke2 Rf5 24. a4 Nc6 25. Rb1 Kd8 26. Bd3 Ra5 27. Bb5 Na7 1/2-1/2

[Event "Petrozavodsk"]
[Site "Petrozavodsk"]
[Date "2010.10.12"]
[Round "5"]
[White "Ivanov, Sergey A"]
[Black "Andronov, Mikhail G"]
[Result "1/2-1/2"]
[WhiteElo "2329"]
[BlackElo "2150"]
[PlyCount "35"]
[EventDate "2010.10.09"]
[EventType "tourn"]
[EventRounds "9"]
[EventCountry "RUS"]
[EventCategory "1"]
[SourceTitle "EXT 2011"]
[Source "ChessBase"]
[SourceDate "2010.11.26"]
[SourceVersion "1"]
[SourceVersionDate "2010.11.26"]
[SourceQuality "1"]

1. e4 c5 2. Nf3 Nc6 3. Bb5 g6 4. Bxc6 dxc6 5. h3 Bg7 6. d3 Nf6 7. Be3 Nd7 8. Nc3 e5 9. Qd2 Qe7 10. 0-0 0-0 11. Nh2 Nb6 12. a4 Be6 13. b3 Rad8 14. a5 Nd7 15. f3 Ra8 16. Na4 b5 17. axb6 axb6 18. Qf2 1/2-1/2

[Event "Karelia-ch 63rd"]
[Site "Petrozavodsk"]
[Date "2010.02.24"]
[Round "7"]
[White "Andronov, Mikhail G"]
[Black "Ivanov, Sergey A"]
[Result "0-1"]
[WhiteElo "2165"]
[BlackElo "2342"]
[PlyCount "118"]
[EventDate "2010.02.20"]
[EventType "swiss"]
[EventRounds "9"]
[EventCountry "RUS"]
[SourceTitle "CBM 135 Extra"]
[Source "ChessBase"]
[SourceDate "2010.05.04"]
[SourceVersion "1"]
[SourceVersionDate "2010.05.04"]
[SourceQuality "1"]

1. e4 c6 2. d4 d5 3. Nc3 dxe4 4. Nxe4 Nf6 5. Nxf6+ gxf6 6. c3 Qc7 7. Qc2 Bg4 8. Bd3 e6 9. Ne2 Bxe2 10. Qxe2 h5 11. Be3 Nd7 12. 0-0-0 0-0-0 13. h4 Bh6 14. Kb1 f5 15. d5 cxd5 16. Bxa7 Bg7 17. f3 Nc5 18. Bb5 Rd6 19. b4 Nd7 20. c4 d4 21. c5 Rd5 22. Qc2 Kd8 23. Bc4 d3 24. Rxd3 Qe5 25. Rc3 Qxc3 26. Qxc3 Bxc3 27. Bxd5 exd5 28. b5 Kc7 29. Rd1 d4 30. c6 bxc6 31. Bxd4 Bxd4 32. Rxd4 Rb8 33. a4 cxb5 34. axb5 Rxb5+ 35. Kc2 Kc6 36. Ra4 Kd6 37. Kd2 Ke5 38. Ke3 f4+ 39. Kf2 Nc5 40. Ra7 Kf6 41. Ra8 Nd3+ 42. Ke2 Ne5 43. Ra6+ Kg7 44. Kf2 Ng6 45. Ra4 Rb2+ 46. Kg1 Nxh4 47. Rxf4 Nxg2 48. Re4 Kg6 49. Kh2 Kg5 50. Re5+ f5 51. Ra5 Nf4+ 52. Kh1 Rf2 53. Ra3 Kh4 54. Ra8 Kh3 55. Kg1 Rxf3 56. Ra2 Kg3 57. Ra1 h4 58. Kh1 Re3 59. Rg1+ Kf2 0-1